Datum a čas kvízu
19.5
Celkem bodů
Celkový počet nahraných bodů na tomto kvízu bez doplňovacích otázek.
6.
Pořadí na kvízu
Konečné umístění týmu na tomto kvízu.
Zaznamenané odpovědi
| # | Otázka | Odpověď | Body | Výsledky |
|---|---|---|---|---|
| 1. | Česká pirátská strana si minul... | Marcel Kolaja | 0 | |
| 2. | Jedna tchajwanská společnost z... | Litva | 0 | |
| 3. | Ukrajinskému ministru kultury... | Emily in Paris | 1 | |
| 4. | V úterý jedna společnost defin... | BlackBerry | 1 | |
| 5. | Hokejisty Pardubic po neshodác... | Jakub Nakládal | 1 | |
| 6. | V následujícím tématu si připo... | Jiří Wolker | 1 | |
| 7. | Herec Heath Ledger zemřel neče... | Kletba bratří Grimmů, Legendy z Dogtownu | 0 | |
| 8. | Anne Franková je navzdory svém... | Bergen-Belsen | 0 | |
| 9. | Nevynecháme ani známé hudebník... | 1994 | 0 | |
| 10. | V poslední otázce se vrátíme n... | 1A 2B 3D 4C | 0 |